00755nam a2200253 a 4500001001300000003000900013005001700022008004100039020001000080082001800090100002900108245002200137260004600159300000900205500003500214505003100249650002900280650001700309700002900326902000800355942000700363952011800370999001300488nice12345678IN_TiNIC20260116011304.0050524s1967 alia grp 000 0 urd  ac10000a629.1229bAKB aAkbarabadi, Sayeed Ahmed aChar Ilmi Maqalat aAligarhbAligarh Muslim University c1967 a102p aincludes index and biblioraphy2 alight of islam series no.4 aQuran-Surah-Hermaneutics aIslam-Tracts1 aAkbarabadi, Sayeed Ahmed bSRS cBK 001040708StackRoom-aHMIbHMId2007-06-12g100.00l0o629.1229 AKBp03476r2007-06-12v100.00w2005-05-24yBK c197d197